Ad decisiones Rotae Marchiae D. Stephani Gratiani romani scholia D. Caroli Antonii de Luca melphictensis, et ad eiusdem disceptationes appendix cum nonnullis de amortizazione, & retributione manus mortuae domino directo. Opus tàm in scholis, quàm in foro, procuratoribus, advocatis ius dicentibus utile, et necessarium, cum summarijs, et indice lucupletissimis

Detalles Bibliográficos
Autor principal: Luca, Carlos Antonio de
Otros Autores: Rispoli, Nicolás, ed
Formato: Libro
Lenguaje:Latin
Publicado: Neapoli : ex typographia Francisci Mollo ; sumptibus Nicolai Rispoli bibliopolae neapolitani, 1692.
Materias:
Colección:Banco de datos
Acervo:Fondo Bibliográfico Antiguo Víctor Manuel Castillo de la Universidad de Ciencias y Artes de Chiapas
Descripción Física:[4] h., 332 p., [11] h. ; f°
Tema general:Derecho civil
Notas:Portada tipográfica a dos tintas con pleca y grabado central xilográfico. Texto a dos columnas. Incluye cabecera de título con motivos históricos. Incluye capitular en grabado xilográfico. Encuadernación en cartón con lomo en pergamino
LEADER 01406nam a22002050004500
035 |a 1067 
041 0 |a lat 
100 1 |a Luca, Carlos Antonio de 
245 1 0 |a Ad decisiones Rotae Marchiae D. Stephani Gratiani romani scholia D. Caroli Antonii de Luca melphictensis, et ad eiusdem disceptationes appendix cum nonnullis de amortizazione, & retributione manus mortuae domino directo. Opus tàm in scholis, quàm in foro, procuratoribus, advocatis ius dicentibus utile, et necessarium, cum summarijs, et indice lucupletissimis 
260 |a Neapoli : ex typographia Francisci Mollo ; sumptibus Nicolai Rispoli bibliopolae neapolitani, 1692. 
300 |a [4] h., 332 p., [11] h. ; f° 
500 |a Portada tipográfica a dos tintas con pleca y grabado central xilográfico. Texto a dos columnas. Incluye cabecera de título con motivos históricos. Incluye capitular en grabado xilográfico. Encuadernación en cartón con lomo en pergamino 
504 |a Al principio de la obra están cinco dedicatoria, un poema y carta al lector 
504 |a Al final de la obra están Index locupletissimus rerum omnium y Apéndice 
650 1 0 |a Derecho civil 
700 1 |a Rispoli, Nicolás, ed. 
949 |a UNICACH, Colección de Víctor Manuel Castillo: 04528 
942 |c CHIACASTI 
943 |g Fondo Bibliográfico Antiguo Víctor Manuel Castillo de la Universidad de Ciencias y Artes de Chiapas 
999 |c 1099363  |d 1099363